Muslim Citizens of the Globalized World (Record no. 320454)

000 -LEADER
fixed length control field 00324 a2200133 4500
001 - CONTROL NUMBER
control field 85381
020 ## - INTERNATIONAL STANDARD BOOK NUMBER
International Standard Book Number 9781597840736
082 ## - DEWEY DECIMAL CLASSIFICATION NUMBER
Classification number 297.092 HUN
090 ## - LOCALLY ASSIGNED LC-TYPE CALL NUMBER (OCLC); LOCAL CALL NUMBER (RLIN)
-- 40108
-- 40107
100 ## - MAIN ENTRY--PERSONAL NAME
Personal name Robert A. Hunt
245 ## - TITLE STATEMENT
Title Muslim Citizens of the Globalized World
260 ## - PUBLICATION, DISTRIBUTION, ETC.
Place of publication, distribution, etc. New Jersy
Name of publisher, distributor, etc. Tughra Books
Date of publication, distribution, etc. 2010
300 ## - PHYSICAL DESCRIPTION
Extent xv213
942 ## - ADDED ENTRY ELEMENTS (KOHA)
Institution code [OBSOLETE] cae nust
Call number prefix 297.092 HUN
Holdings
Withdrawn status Lost status Damaged status Not for loan Collection code Permanent Location Current Location Date acquired Total Checkouts Full call number Barcode Date last seen Price effective from Koha item type
          College of Aeronautical Engineering (CAE) College of Aeronautical Engineering (CAE) 04/03/2017   297.092 HUN CAEG-9563 04/05/2017 04/05/2017 Book
© 2023 Central Library, National University of Sciences and Technology. All Rights Reserved.